Kemo gibor metsuyar
Disimpan dalam:
| Pengarang Utama: | |
|---|---|
| Format: | Audio |
| Bahasa: | Hebrew |
| Diterbitkan: |
Tel Aviv :
Henry Bbrater,
1989.
|
| Subjek-subjek: | |
| Penanda-penanda: |
Tambah Penanda
Tiada Penanda, Jadilah orang pertama menanda rekod ini!
|
| LEADER | 00542njm a22001817u 4500 | ||
|---|---|---|---|
| 001 | 007724881-3 | ||
| 005 | 20020606104010.5 | ||
| 008 | 880123s1989||||is ||nn||||||||||| heb|d | ||
| 035 | 0 | |a ocm38737830 | |
| 100 | 0 | |a Adam. | |
| 245 | 1 | 0 | |a Kemo gibor metsuyar |h sound recording / |c Adam. |
| 260 | 0 | |a Tel Aviv : |b Henry Bbrater, |c 1989. | |
| 300 | |a 1 sound disc : |b 33 1/3 rpm ; |c 12 in. | ||
| 546 | |a Words of song in Hebrew printed on insert. | ||
| 655 | 7 | |a Phonograph records (singles). |2 local | |
| 650 | 0 | |a Songs, Hebrew |z Israel. | |
| 988 | |a 20020608 | ||
| 906 | |0 MH | ||


